00588nam a2200181 i 4500001000300000100002000003245008100023260002800104300004100132650001200173650002400185700002700209040000800236041000800244080001500252008004100267856009800308bg1 aGUTOWSKI, Roman 0aDynamika i drgania układów mechanicznych /cR. Gutowski, W. Świetlicki. aWarszawa :bPWN,c1986. a954, [1] s. :brys., wykr. ;c25 cm. 9aDrgania 9aMechanika stosowana1 aSVETLICKIJ, Valerij A. cBPK apol a621.01:534 s pl f |000 0 pol  uhttp://koha.tu.koszalin.pl/cgi-bin/koha/opac-detail.pl?biblionumber=23220yKatalog online BPK